Atlas universal català / director editorial: Joan Carreras i Martí ; director científic: J. Vilà i Valentí Joan Carreras i Martí ; director científic:
Descripción Física:
462 p. : map., col., 1 map. solt ; 40 cm
Materias:
Atles
MARC
| LEADER | 00000nam a2200000Ia 4500 | ||
|---|---|---|---|
| 001 | 1635 | ||
| 008 | 160829s1983 xx 000 0 cat d | ||
| 080 | |a Sala Lectura | ||
| 245 | |a Atlas universal català / director editorial: |b Joan Carreras i Martí ; director científic: |b J. Vilà i Valentí | ||
| 260 | |a Barcelona : |b Enciclopèdia Catalana, |c 1983 | ||
| 300 | |a 462 p. : |b map., col., 1 map. solt ; |c 40 cm | ||
| 650 | |a Atles |9 22850 | ||
| 700 | |a Carreras i Martí, Joan, dir. |9 22851 |e director científic | ||
| 700 | |a Vilà Valentí, J. |q (Joan), |d 1925-2020 |e director científic |9 1542 | ||
| 901 | |a Arxiu | ||
| 942 | |n 1 |2 udc | ||
| 952 | |0 0 |1 0 |4 0 |6 SALA_LECTURA |7 1 |9 42358 |a Arxiu |b Arxiu |d 2016-12-01 |l 0 |o Sala Lectura |p 1635 |r 2016-12-01 00:00:00 |w 2016-12-01 |y ARXIU | ||
| 999 | |c 44836 |d 44836 | ||